000 00303nam a22001337a 4500
008 180914b xxu||||| |||| 00| 0 eng d
020 _a0913507512
041 _aeng
080 _a574
100 _a9
101 _aMJE
245 _aThe nature of integrative dtudy
_cJoseph .E
942 _2udc
_cBK
999 _c47746
_d47746